000 00661nam a2200181Ia 4500
999 _c2728
_d2728
003 DO-SdBJH
005 20180416230913.0
008 180414s9999 dr 000 0 spa d
040 _aDO-SdBJH
_bspa
_cDO-SdBJH
090 _aDM FM 3-0 2008
110 _aInstituto de Cooperación para la Seguridad Hemisférica
245 1 0 _aFM 3-0 Operaciones / Instituto de Cooperación para la Seguridad Hemisférica
260 _aFuerte Benning, Georgia : Cuartel General Secretaría del Ejército, 2008
300 _a200 páginas en varias paginaciones
504 _aIncluye bibliografía y Glosario de términos
650 4 _aOperaciones militares
942 _2ddc
_cBK